000
00309nam a22001217a 4500
001
157686
005
20240502200119.0
008
240502b |||||||| |||| 00| 0 POR d
040
_c
O mundo é assim, Taubaté
100
_a
Orígenes Lessa
_9
1356
245
_a
O mundo é assim, Taubaté
942
_2
udc
_c
BK
_n
0
999
_c
157686
_d
157686